000 00688nam a2200253 i 4500
001 C2-0227251
003 PPAK
005 20220519143121.0
008 000719s1988 my |||g ||||o | f may d
020 _a9836204938
_qpaperback
040 _aPPAK
_beng
_cPPAK
_erda
082 0 4 _a899.2333
_223
090 0 0 _a899.233
_bLOK
_dKIH
090 2 0 _a899.2333
_bLOK
_dKAO
100 0 _aLokman Dollah,
_eauthor.
245 1 0 _aPULANG /
_cLOKMaN DOLLaH
264 1 _aSelangor :
_bDewan Bahasa dan Pustaka,
_c1988
300 _a198 pages ;
_c20 cm
336 _2rdacontent
_atext
337 _2rdamedia
_aunmediated
338 _2rdacarrier
_avolume
650 1 0 _aMalay fiction
942 _cB
_2ddc
999 _c147372
_d147372